000 00475nam a2200169 i 4500
001 70387
003 ES-MaACL
005 20231228063203.0
007 t|
008 040722s1918 sp ||||1| spa d
100 1 _aGarcía Sanchiz, Federico,
_d1886-1964
_955269
245 1 3 _aLa Sulamita
_b: novela /
_cFederico García Sanchiz.
260 _aMadrid :
_b[V. Rico],
_c1918.
300 _a124 p. ;
_c19 cm.
852 _aES-MaACL
_jF-6644
999 _c70387
_d70387